| 000 | 00519nam a22001817a 4500 | ||
|---|---|---|---|
| 005 | 20251108171105.0 | ||
| 008 | 250721s1993 xx 000 0 ara d | ||
| 082 | 1 | 4 | _a811.08/جوا |
| 100 | 1 | _aالجواهري، محمد مهدي | |
| 245 | 1 | 0 |
_aالجمهرة : _bمختارات من الشعر العربي / |
| 250 | _aط2/منقحة | ||
| 264 |
_bدار الرافدين، _c1993. |
||
| 300 | _aج | ||
| 650 | 1 | 7 | _aالشعر العربي |
| 650 | 1 | 7 | _aمجموعات |
| 942 |
_2ddc _cBK |
||
| 999 |
_c56355 _d56355 |
||